[Event "Titled Tuesday intern op 19th Dec Early"]
[Site "Chess.com INT"]
[Date "2023.12.19"]
[Round "9"]
[White "Czerw, Dawid"]
[Black "Khodabandeh, Milad"]
[Result "1-0"]
[WhiteElo "2394"]
[BlackElo "1918"]
[PlyCount "45"]
[EventDate "2023.12.19"]
[EventType "swiss (blitz)"]
[EventRounds "11"]
[EventCountry "USA"]
[SourceTitle "CB52_2023"]
[SourceDate "2023.12.27"]
[SourceVersion "1"]
[SourceVersionDate "2023.12.27"]
[SourceQuality "1"]

1. e4 e5 2. Nf3 Nc6 3. Bb5 a6 4. Ba4 Nf6 5. d4 exd4 6. 0-0 Be7 7. e5 Ne4 8. Nxd4 Nc5 9. Nf5 0-0 10. Qg4 g6 11. Bxc6 dxc6 12. Nxe7+ Qxe7 13. Qg3 Re8 14. Nc3 Bf5 15. Bf4 Ne6 16. Bh6 Nd4 17. f4 Nxc2 18. Bg5 Qc5+ 19. Kh1 Nxa1 20. Rxa1 h5 21. Bf6 Rad8 22. Qg5 Rd2 23. Qh6 1-0

[Event "Titled Tuesday intern op 19th Dec Early"]
[Site "Chess.com INT"]
[Date "2023.12.19"]
[Round "3"]
[White "Manukian, Artak"]
[Black "Khodabandeh, Milad"]
[Result "1-0"]
[WhiteElo "2196"]
[BlackElo "1918"]
[PlyCount "99"]
[EventDate "2023.12.19"]
[EventType "swiss (blitz)"]
[EventRounds "11"]
[EventCountry "USA"]
[SourceTitle "CB52_2023"]
[SourceDate "2023.12.27"]
[SourceVersion "1"]
[SourceVersionDate "2023.12.27"]
[SourceQuality "1"]

1. e4 e5 2. Nf3 Nc6 3. d4 exd4 4. Nxd4 Nf6 5. Nxc6 bxc6 6. e5 Qe7 7. Qe2 Nd5 8. c4 Ba6 9. b3 g6 10. g3 Bg7 11. Bb2 0-0 12. Bg2 Rae8 13. 0-0 Bxe5 14. Qxe5 Qxe5 15. Bxe5 Rxe5 16. cxd5 Bxf1 17. Kxf1 cxd5 18. Nc3 c6 19. Bf3 Rfe8 20. h4 f5 21. Rc1 Kf7 22. Na4 Ke7 23. Nc5 Kd6 24. Nd3 R5e7 25. b4 Rb8 26. a3 h6 27. Rc5 g5 28. hxg5 hxg5 29. Ra5 Rb7 30. Nc5 Rc7 31. Na6 Rb7 32. a4 g4 33. Be2 Rh7 34. Kg2 Re7 35. Kf1 Rh7 36. Bd3 Rh1+ 37. Kg2 Rh5 38. f4 Ke7 39. Rc5 Kd6 40. Rc1 Ke7 41. Re1+ Kd6 42. Re5 Rb6 43. b5 c5 44. Rxf5 Rxf5 45. Bxf5 d4 46. Bxg4 c4 47. Kf3 d3 48. Ke3 Kd5 49. Bxd7 Rd6 50. Bc6+ 1-0

[Event "Titled Tuesday intern op 12th Dec Early"]
[Site "Chess.com INT"]
[Date "2023.12.12"]
[Round "7"]
[White "Khodabandeh, Milad"]
[Black "Baches Garcia, Guillermo"]
[Result "1-0"]
[WhiteElo "1918"]
[BlackElo "2327"]
[PlyCount "129"]
[EventDate "2023.12.12"]
[EventType "swiss (blitz)"]
[EventRounds "11"]
[EventCountry "USA"]
[SourceTitle "CB51_2023"]
[SourceDate "2023.12.20"]
[SourceVersion "1"]
[SourceVersionDate "2023.12.20"]
[SourceQuality "1"]

1. e4 d5 2. exd5 Qxd5 3. Nc3 Qa5 4. d4 Nf6 5. Nf3 Bf5 6. Bc4 e6 7. Ne5 Nbd7 8. Qe2 Nxe5 9. dxe5 Ne4 10. Bd2 Nxd2 11. Kxd2 0-0-0+ 12. Bd3 Bb4 13. g4 Bg6 14. f4 Rd4 15. Rhf1 Bxd3 16. cxd3 Rhd8 17. Rf3 g6 18. a3 Bxc3+ 19. bxc3 Ra4 20. Rff1 Rxa3 21. Rxa3 Qxa3 22. Rc1 Qa4 23. Qe3 b6 24. Rc2 Qc6 25. c4 Qg2+ 26. Qe2 Qc6 27. Kc3 Kb7 28. Qg2 a5 29. Qxc6+ Kxc6 30. d4 Rh8 31. Kd3 h5 32. g5 Rd8 33. Ke4 Kb7 34. h4 c6 35. Ra2 Ka6 36. Ra1 Rd7 37. Ra2 b5 38. c5 b4 39. Kd3 Kb5 40. Ra1 a4 41. f5 gxf5 42. g6 fxg6 43. Rg1 Rg7 44. Ke3 Kc4 45. Rc1+ Kb3 46. d5 exd5 47. Kf4 Kb2 48. Re1 a3 49. Re2+ Kb1 50. Re1+ Kc2 51. Re2+ Kc3 52. e6 Re7 53. Ke5 b3 54. Kd6 Re8 55. Kd7 Rxe6 56. Rxe6 b2 57. Re3+ Kd2 58. Rxa3 b1Q 59. Kxc6 d4 60. Ra4 Qe4+ 61. Kd6 Qf4+ 62. Kd7 Qe5 63. Ra2+ Ke3 64. c6 Ke4 65. Re2+ 1-0

[Event "Hamedan op"]
[Site "Hamedan"]
[Date "2017.08.14"]
[Round "4"]
[White "Khodabandeh, Milad"]
[Black "Khatibi, Meysam"]
[Result "0-1"]
[WhiteElo "2011"]
[BlackElo "2209"]
[PlyCount "92"]
[EventDate "2017.08.12"]
[EventType "swiss"]
[EventRounds "11"]
[EventCountry "IRI"]
[SourceTitle "CBM 180 Extra"]
[Source "ChessBase"]
[SourceDate "2017.10.06"]
[SourceVersion "1"]
[SourceVersionDate "2017.10.06"]
[SourceQuality "1"]

1. e4 e5 2. Nf3 Nc6 3. Bb5 a6 4. Bxc6 dxc6 5. 0-0 Bg4 6. h3 h5 7. d3 Qf6 8. Be3 Bxf3 9. Qxf3 Qxf3 10. gxf3 Bd6 11. Nd2 Ne7 12. Nc4 0-0-0 13. Rfb1 Ng6 14. Kf1 b6 15. b4 Kb7 16. a4 Nf8 17. Ke2 Ne6 18. c3 Rhe8 19. Rb2 f6 20. Rg1 Bf8 21. Nd2 c5 22. bxc5 Bxc5 23. Nb3 Ba3 24. Ra2 Bd6 25. d4 exd4 26. cxd4 g5 27. d5 Nf4+ 28. Bxf4 Bxf4 29. Rd1 f5 30. Rd4 c5 31. dxc6+ Kxc6 32. Rc2+ Kb7 33. Rb4 Ka7 34. Nd4 Rd5 35. Rc6 fxe4 36. fxe4 Rxe4+ 37. Kd3 Re1 38. Rbxb6 Bc7 39. Rxa6+ Kb7 40. Kc4 Rd7 41. Ne6 Rc1+ 42. Kb5 Rd5+ 43. Rc5 Rcxc5+ 44. Nxc5+ Rxc5+ 45. Kxc5 Kxa6 46. f3 h4 0-1